000 00606nam a22002057a 4500
003 gtgcuscq
005 20260212173927.0
007 ta
008 260212b |||||||| |||| 00| 0 sp d
020 _a978-607-15-1184-3
040 _agtgcuscq
_bspa
_cgtgcuscq
_dgtgcuscq
_eRDA
082 _a658.4 B456:2
100 1 0 _aBenavides, Raymundo. -
_918378
245 1 0 _aAdministración . /
_cBenavides, Raymundo , - -
_hlibro-
250 _a2da.
260 _aMéxico:
_bMc-Graw Hill Education ;
_cc2014.
300 _a329p.;
_bil.;
_c27 cm.;
650 0 1 _afusión
_vfranquicias
_xtécnicas
_918379
942 _2ddc
_cBK
_n0
999 _c9441
_d9441